50 Most Populous U.S. Metros - Statistics

General Stats
  • This quiz has been taken 450 times
  • The average score is 48 of 51
Answer Stats
Population City State % Correct
12,828,837 Los Angeles CA
100%
18,897,109 New York City NY-NJ-PA
100%
5,268,860 Atlanta GA
99%
9,461,105 Chicago IL-IN-WI
99%
6,371,773 Dallas/Fort Worth TX
99%
5,564,635 Miami FL
99%
4,552,402 Boston MA-NH
98%
5,946,800 Houston TX
98%
5,965,343 Philadelphia PA-NJ-DE-MD
98%
2,226,009 Portland OR-WA
98%
4,335,391 San Francisco CA
98%
3,439,809 Seattle WA
98%
5,582,170 Washington DC-VA-MD-WV
98%
4,296,250 Detroit MI
97%
1,951,269 Las Vegas NV
97%
4,192,887 Phoenix AZ
97%
1,124,197 Salt Lake City UT
97%
3,095,313 San Diego CA
97%
2,543,482 Denver CO
96%
3,279,833 Minneapolis/Saint Paul MN-WI
96%
1,167,764 New Orleans LA
96%
1,252,987 Oklahoma City OK
96%
2,710,489 Baltimore MD
95%
2,077,240 Cleveland OH
95%
2,134,411 Orlando FL
95%
2,142,508 San Antonio TX
95%
2,812,896 St. Louis MO-IL
95%
2,783,243 Tampa FL
95%
1,716,289 Austin TX
94%
2,130,151 Cincinnati OH-KY-IN
94%
1,836,536 Columbus OH
94%
1,756,241 Indianapolis IN
94%
2,035,334 Kansas City MO-KS
94%
1,316,100 Memphis TN-MS-AR
94%
1,555,908 Milwaukee WI
94%
1,589,934 Nashville TN
94%
2,356,285 Pittsburgh PA
94%
2,149,127 Sacramento CA
94%
1,836,911 San Jose CA
94%
1,758,038 Charlotte NC-SC
93%
1,345,596 Jacksonville FL
93%
1,130,490 Raleigh NC
93%
1,135,509 Buffalo NY
92%
1,600,852 Providence RI-MA
90%
1,283,566 Louisville KY-IN
89%
1,212,381 Hartford CT
88%
1,258,251 Richmond VA
88%
1,128,047 Birmingham AL
87%
1,671,683 Virginia Beach VA-NC
87%
4,224,851 Riverside CA
80%
1,054,323 Rochester NY
78%
No matching quizzes found
Score Distribution
Percent of People with Each Score
Percentile by Number Answered
Your Score History
You have not taken this quiz